|
|
|
|
| LEADER |
00000cam a22000005a 4500 |
| 001 |
vtls001285054 |
| 003 |
SK-MaSNL |
| 005 |
20260301004410.0 |
| 008 |
240314s1985 xr 00000 cze |
| 035 |
|
|
|a SNK000236563
|
| 040 |
|
|
|a SNK
|b slo
|c SNK
|e AACR2
|
| 041 |
|
|
|a cze
|
| 044 |
|
|
|a xr
|c CZ
|
| 100 |
1 |
|
|a Mojžíšek, Lubomír,
|d 1924-2002
|4 aut
|9 112477
|
| 245 |
1 |
0 |
|a Vyučovací metody
|
| 250 |
|
|
|a 2. vyd.
|
| 260 |
|
|
|a Praha
|b Státní pedagogické nakladatelství
|c 1985
|e Praha
|f Tiskařské závody
|
| 300 |
|
|
|a 171s.
|
| 500 |
|
|
|a Určené pre poslucháčov Univerzity J. E. Purkyně v Brně
|
| 852 |
|
|
|a Slovenská národná knižnica v Martine
|b 10000
|h IB 54359
|
| 958 |
|
|
|a OND
|
| 999 |
|
|
|c 542039
|d 543969
|
| 952 |
|
|
|t P60, <04>, [BOOK], {604}
|a SNK
|b SNK
|y VYP
|7 0
|p 17A0064386
|o snkIB 54359 D1
|0 0
|1 1
|4 0
|d 1997-04-28
|l 0
|r 2005-01-02 00:00:00
|w 2026-02-23
|
| 952 |
|
|
|a SNK
|b SNK
|y VYP
|7 0
|p 17A1151202
|o snkIB 54359
|i snkKIP 6291/85
|3 rekatalogizácia
|0 0
|1 0
|4 0
|d 2016-10-31
|l 0
|r 2026-02-23 12:43:39
|w 2026-02-23
|